000 00750nam a2200181Ia 4500
008 090124s9999 xx 000 0 und d
082 _b32000
100 _aखाडिलकर नीलकंठ (संपादक नवाकाऴ)
245 _a अग्रलेखांचा बादशहा
250 _a0
260 _bशलाका प्रकाशन
_c1994
300 _a166
600 _aखाडिलकर नीलकंठ (संपादक नवाकाऴ)
630 _a अग्रलेखांचा बादशहा
700 _aखाडिलकर नीलकंठ (संपादक नवाकाऴ)
730 _a अग्रलेखांचा बादशहा
942 _cBOOK
999 _c97857
_d97857